000 00269nam a22001097a 4500
008 240715b |||||||| |||| 00| 0 eng d
100 _aSatramdas, Sayal
_917041
245 _aSohrab Ain Rustam
260 _bSatramdas;
_c1964.
_aAhmedabad;
300 _a100p.
942 _cBK
999 _c40390
_d40390